000 00235 a2200097 4500
001 58250
100 _a
245 _aOxford encyclopedia; the natural world
260 _aNew york
_bOxford University press
_c1988
090 _c35747
_d35747
942 _aNUST-CAE
_c
_c28610
999 _c293323
_d293323